00738nam a2200229 a 450000100060000000300080000600500170001400800410003103500190007203500180009104000550010904100110016408200250017510000390020024501030023926000500034230000210039249000270041365000200044065000140046070000340047442729BD-RjUL20211209053601.0160615s1955 nyu 000 0 eng c a(BD-RjUL)42847 a(OCoLC)359498 aLouisiana. State Univ. LibrarycOClUdBD-RjULbeng1 aengfre 223a330.01bMEE 195510aMendès France, Pierred1907-198210aEconomics and action /cby Pierre Mendès-France and Gabriel Ardant. [Translated from the French] aNew York :bColumbia University Press,cc1955 a222 p. ;c23 cm.1 aScience and societyv1 0aEconomic policy 0aEconomics1 aArdant, Gabrielejoint author